Die Folgen einer Entkriminalisierung des Ladendiebstahls für Jugendliche

Saved in:  
Bibliographic Details
Main Author: Sonnen, Bernd-Rüdeger 1940- (Author)
Format: Print Article
Language:German
Published: 1976
In: Zentralblatt für Jugendrecht und Jugendwohlfahrt
Year: 1976, Volume: 63, Issue: 9, Pages: 369-374
Check availability: HBZ Gateway
Keywords:

MARC

LEADER 00000caa a22000002c 4500
001 1635638879
003 DE-627
005 20220608105549.0
007 tu
008 140108s1976 xx ||||| 00| ||ger c
035 |a (DE-627)1635638879 
035 |a (DE-576)399424296 
035 |a (DE-599)BSZ399424296 
040 |a DE-627  |b ger  |c DE-627  |e rakwb 
041 |a ger 
100 1 |a Sonnen, Bernd-Rüdeger  |d 1940-  |0 (DE-588)120313499  |0 (DE-627)080598331  |0 (DE-576)163126763  |4 aut 
109 |a Sonnen, Bernd-Rüdeger 1940-  |a Sonnen, Bernd-Ruediger 1940-  |a Sonnen, Bernd-Rüdiger 1940- 
245 1 4 |a Die Folgen einer Entkriminalisierung des Ladendiebstahls für Jugendliche  |c Bernd Rüdiger Sonnen 
264 1 |c 1976 
336 |a Text  |b txt  |2 rdacontent 
337 |a ohne Hilfsmittel zu benutzen  |b n  |2 rdamedia 
338 |a Band  |b nc  |2 rdacarrier 
773 0 8 |i In  |t Zentralblatt für Jugendrecht und Jugendwohlfahrt  |d Berlin : Heymanns, 1924  |g 63(1976), 9, Seite 369-374  |w (DE-627)129462969  |w (DE-600)200958-4  |w (DE-576)014828022  |x 0342-345X  |7 nnas 
773 1 8 |g volume:63  |g year:1976  |g number:9  |g pages:369-374 
951 |a AR 
ELC |b 1 
LOK |0 000 xxxxxcx a22 zn 4500 
LOK |0 001 3292169976 
LOK |0 003 DE-627 
LOK |0 004 1635638879 
LOK |0 005 20141009155312 
LOK |0 008 140108||||||||||||||||ger||||||| 
LOK |0 040   |a DE-21-110  |c DE-627  |d DE-21-110 
LOK |0 689   |a s  |a Ladendiebstahl 
LOK |0 689   |a s  |a Entkriminalisierung 
LOK |0 689   |a s  |a Jugendtäter 
LOK |0 852   |z Kein Bestand am IfK; Nachweis für KrimDok 
LOK |0 852   |a DE-21-110 
LOK |0 852 1  |m v  |9 00 
LOK |0 935   |a k110 
LOK |0 938   |k v 
LOK |0 939   |a 08-01-14  |b l01 
ORI |a SA-MARC-krimdoka001.raw